000 00692nam a22002057a 4500
003 OSt
005 20250717052956.0
008 250717b |||||||| |||| 00| 0 eng d
020 _a978-621-416-133-1
040 _aDWC-Main Lib
_cOC
082 _aFil. 657.45 R786c 2023
100 _aRoque, Gerardo S.
245 _aCPA examination reviewer:
_bauditing practice/
_cGerardo S. Roque
250 _a2023-2024 edition
260 _aSampaloc, Manila Philippines :
_bGIC Enterprises and Co. Inc.,
_cc2023.
300 _aiv, 842 pages :
_billustrations ;
_c22cm.
504 _aIncludes bibliographical references.
650 _a1. Auditing.
942 _2ddc
_cBK - FIL
_e2023-2024 edition
_kFil.
_n0
999 _c3740
_d3740